Central Library OPAC University of Rajshahi

The military-technical revolution; (Record no. 7135)

MARC details
000 -LEADER
fixed length control field 01282cam a2200361I 4500
001 - CONTROL NUMBER
control field 7135
003 - CONTROL NUMBER IDENTIFIER
rucl marc code MCM
005 - DATE AND TIME OF LATEST TRANSACTION
control field 20211208234353.0
008 - FIXED-LENGTH DATA ELEMENTS--GENERAL INFORMATION
fixed length control field 130114s1966 nyu b 100 0 eng
035 ## - SYSTEM CONTROL NUMBER
System control number MITb10581263
System control number (OCoLC)00570046
System control number GLIS00581263
040 ## - CATALOGING SOURCE
Original cataloging agency DLC
Transcribing agency WSU
Modifying agency m.c.
-- SER
-- m/c
-- RCD
Language of cataloging eng
041 ## - LANGUAGE CODE
Language code of text/sound track or separate title eng
082 ## - DEWEY DECIMAL CLASSIFICATION NUMBER
Classification number 355.2
Author mark and year MIL 1966
090 ## - LOCALLY ASSIGNED LC-TYPE CALL NUMBER (OCLC); LOCAL CALL NUMBER (OCLC)
Classification number (OCLC) (R) ; Classification number, CALL (RLIN) (NR) UA11
Local cutter number (OCLC) ; Book number/undivided call number, CALL (RLIN) .E68 1966
099 ## - LOCAL FREE-TEXT CALL NUMBER (OCLC)
Bangla Class number UA11.E68 1966
245 14 - TITLE STATEMENT
Title The military-technical revolution;
Remainder of title its impact on strategy and foreign policy /
Statement of responsibility, etc. edited by John Erickson. Associate editors: Edward L. Crowley and Nikolai Galay.
260 ## - PUBLICATION, DISTRIBUTION, ETC. (IMPRINT)
Place of publication, distribution, etc. New York,
Name of publisher, distributor, etc. Published for the Institute for the Study of the USSR [by] F.A. Praeger
Date of publication, distribution, etc. 1966
300 ## - PHYSICAL DESCRIPTION
Pagination 284 p.
Size 22 cm.
500 ## - GENERAL NOTE
General note Revised and updated papers from a symposium held at the Institute for the Study of the USSR, Munich, October, 1964.
504 ## - BIBLIOGRAPHY, ETC. NOTE
Bibliography, etc Bibliographical footnotes.
650 #0 - SUBJECT ADDED ENTRY--TOPICAL TERM
Topical term or geographic name as entry element Military policy.
9 (RLIN) 18207
Topical term or geographic name as entry element Strategy.
9 (RLIN) 22325
Topical term or geographic name as entry element World politics.
9 (RLIN) 22326
700 1# - ADDED ENTRY--PERSONAL NAME
Personal name Erickson, John.
Personal name Galay, Nikolai,
Dates associated with a name 1902-
710 2# - ADDED ENTRY--CORPORATE NAME
Corporate name or jurisdiction name as entry element Institut zur Erforschung der UdSSR.
9 (RLIN) 22329
942 ## - ADDED ENTRY ELEMENTS (KOHA)
Source of classification or shelving scheme Dewey Decimal Classification
Koha item type Books
949 ## - LOCAL PROCESSING INFORMATION (OCLC)
a MYGD
b 39080003738306
Holdings
Lost status Source of classification or shelving scheme Damaged status Not for loan Collection code Permanent Location Current Location Shelving location Date acquired Source of acquisition Cost, normal purchase price Total Checkouts Full call number Date last seen Copy number Koha item type
  Dewey Decimal Classification   Not For Loan Non-fiction Central Library, University of Rajshahi Central Library, University of Rajshahi   09/05/1987 Zeitlinger 32.06   355.2 MIL 1966 13/01/2014 C-1 Books